Spring Symphony, Hymn to St. Cecilia___ /
Gardado en:
| Autor Principal: | |
|---|---|
| Autores corporativos: | , |
| Outros autores: | , , |
| Formato: | Audio |
| Idioma: | inglés |
| Publicado: |
Hamburgo, Alemania :
Deutsche Grammophon,
c1993-1997
|
| Temas: | |
| Etiquetas: |
Sen Etiquetas, Sexa o primeiro en etiquetar este rexistro!
|
MARC
| LEADER | 00000njm^a2200000^a^4500 | ||
|---|---|---|---|
| 001 | 000318506 | ||
| 005 | 20251020000000.0 | ||
| 009 | 20260310113414.036 | ||
| 037 | |a Acervo ITESO - Biblioteca | ||
| 041 | |a SON | ||
| 041 | |a ING | ||
| 082 | |a 784. 08 |b BRI BEN | ||
| 100 | |a Britten, Benjamin |e (música) | ||
| 240 | 1 | 1 | |a [Sinfonía de primavera] |
| 240 | 1 | 1 | |a [Himno a Santa Cecilia] |
| 240 | 1 | 1 | |a [Cinco canciones de flores] |
| 240 | 1 | 1 | |a [Requiem de guerra] |
| 245 | 1 | 0 | |a Spring Symphony, Hymn to St. Cecilia___ / |c Música de B. Britten ; voz The Monteverdi Choir, NDR Chor ; ejecución musical de la Philharmonia Orchestra, Sinfonieorchester ; dir. musical de J.E. Gardiner ; texto del folleto de P. Brett, A. Whitall, tr. por Eva Reisinger, Sylvia Höfer, Dennis Collins. |
| 264 | 4 | |a Hamburgo, Alemania : |b Deutsche Grammophon, |c c1993-1997 | |
| 300 | |a 2 discos compactos sonoros (72, 74 min.) + |e 1 folleto (48 p.) | ||
| 336 | |a música interpretada |b prm |2 rdacontenido | ||
| 337 | |a audio |b s |2 rdamedio | ||
| 338 | |a disco sonoro |b sd |2 rdasoporte | ||
| 546 | |a Edición trilingüe alemán-francés-inglés (folleto) | ||
| 649 | |a XX | ||
| 650 | |a Sinfonía - |z Inglaterra | ||
| 650 | |a Himno Litúrgico - |z Inglaterra | ||
| 650 | |a Réquiem (Música) - |z Inglaterra | ||
| 650 | |a Canción (Música de Concierto) - |z Inglaterra | ||
| 650 | |a Música Vocal - |z Inglaterra | ||
| 650 | |a Música Sacra - |z Inglaterra | ||
| 650 | |a Música Moderna - |z Inglaterra | ||
| 650 | |a Música de Concierto - |z Inglaterra | ||
| 650 | |a Música Inglesa - |y Siglo XX | ||
| 710 | |a The Monteverdi Choir |e (voz) | ||
| 710 | |a NDR Chor |e (voz) | ||
| 740 | 0 | |a Spring Symphony : |b op 44 / |c Música de B. Britten. | |
| 740 | 0 | |a Hymn to St. Cecilia : |b op 27 / |c Música de B. Britten. | |
| 740 | 0 | |a Five Flowers Songs : |b op 47 |c Música de B. Britten. | |
| 740 | 0 | |a War Requiem : |b op 66 / |c Música de B. Britten. | |
| 700 | |a Gardiner, John Eliot |e (dirección musical) | ||
| 700 | |a Whittall, Arnold |e (texto del folleto) | ||
| 700 | |a Brett, Philip |e (texto del folleto) | ||
| 910 | |a Fondo General | ||
| 920 | |a Sonoros - CDs | ||
| 940 | |a CDs de Música | ||
| 905 | |a 401 | ||
| 901 | |a 0500205732 |b IT2 |c CDM |i C94075 |u 20250521 | ||
| 901 | |a 0500205729 |b IT2 |c CDM |i C94076 |u 20250521 | ||
| 901 | |a 0500205726 |b IT2 |c MIM |u 20251020 | ||
| 902 | |a https://opac.biblio.iteso.mx/vufind/Record/000318506 | ||